<?xml version="1.0" encoding="UTF-8"?>
<record
    xmlns:xsi="http://www.w3.org/2001/XMLSchema-instance"
    xsi:schemaLocation="http://www.loc.gov/MARC21/slim http://www.loc.gov/standards/marcxml/schema/MARC21slim.xsd"
    xmlns="http://www.loc.gov/MARC21/slim">

  <leader>02288    a2200169   4500</leader>
  <controlfield tag="001">123757</controlfield>
  <datafield tag="020" ind1=" " ind2=" ">
    <subfield code="a">9788532526090</subfield>
  </datafield>
  <datafield tag="040" ind1=" " ind2=" ">
    <subfield code="c">Escola Canadense de Niteroi</subfield>
  </datafield>
  <datafield tag="090" ind1=" " ind2=" ">
    <subfield code="a">TOR</subfield>
  </datafield>
  <datafield tag="100" ind1=" " ind2=" ">
    <subfield code="a">Del Toro, Guillermo</subfield>
  </datafield>
  <datafield tag="245" ind1="1" ind2="0">
    <subfield code="a">A Queda</subfield>
  </datafield>
  <datafield tag="260" ind1=" " ind2=" ">
    <subfield code="a">Rio de Janeiro</subfield>
  </datafield>
  <datafield tag="362" ind1="0" ind2=" ">
    <subfield code="a">2010</subfield>
  </datafield>
  <datafield tag="490" ind1="0" ind2=" ">
    <subfield code="a">Trilogia da Escurid&#xE3;o </subfield>
  </datafield>
  <datafield tag="520" ind1=" " ind2=" ">
    <subfield code="a">Guillermo del Toro, diretor do aclamado O labirinto do fauno, e Chuck Hogan, apontado por Stephen King como um dos dez melhores escritores de suspense da atualidade, est&#xE3;o de volta com A queda &#x2013; segundo volume da surpreendente e aterradora trilogia iniciada com Noturno. Depois que um devastador ataque de vampiros tomou de assalto a cidade de Nova York, a pandemia se espalha rapidamente pelo globo. Um pequeno grupo de her&#xF3;is luta para salvar a ra&#xE7;a humana da extin&#xE7;&#xE3;o. Horror, suspense e fantasia carregada em tintas noir d&#xE3;o o ritmo eletrizante deste &#xE9;pico, descrito como o 'encontro de Bram Stoker com Stephen King e Michael Crichton'.

Nadando contra a corrente do g&#xEA;nero atual, no qual os vampiros s&#xE3;o mostrados com inclina&#xE7;&#xF5;es rom&#xE2;nticas ou como her&#xF3;is de almas atormentadas, Guillermo del Toro e Chuck Hogan os apresentam como monstros desagrad&#xE1;veis, parasitas com um apetite insaci&#xE1;vel por sangue humano. Desta vez, a praga que come&#xE7;ou no aeroporto de Nova York continua a se espalhar pelo mundo. H&#xE1; relatos de v&#xED;rus nas principais cidades do mundo: Londres, Pequim, T&#xF3;quio, Lisboa.

A queda mostra um pouco mais da linhagem que gerou o v&#xED;rus, e a guerra de poder travada entre os Velhos e os Novos vampiros. No centro do conflito, encontra-se um livro com textos fundadores da hist&#xF3;ria da ra&#xE7;a e seus segredos mais obscuros. Quem encontr&#xE1;-lo ganha a guerra e, em &#xFA;ltima inst&#xE2;ncia, dita o destino da humanidade. Em meio a duas for&#xE7;as devastadoras, encontra-se o homem, reduzido a mero alimento numa guerra diab&#xF3;lica.

Desta vez, o Dr. Ephraim Goodweather, seu filho Zack, a Dr. Nora Martinez, o velho Abraham Setrakian e Vasiliy Fet recebem o apoio improv&#xE1;vel de Gus Elizade e sua gangue de ca&#xE7;a-vampiros. Juntos, este estranho grupo tem que enfrentar o terror que se alastra. Eles s&#xE3;o obrigados a tomar decis&#xF5;es dif&#xED;ceis, quando encontram rostos conhecidos dominados pelo v&#xED;rus.</subfield>
  </datafield>
  <datafield tag="942" ind1=" " ind2=" ">
    <subfield code="c">BK</subfield>
  </datafield>
  <datafield tag="952" ind1=" " ind2=" ">
    <subfield code="0">0</subfield>
    <subfield code="1">0</subfield>
    <subfield code="4">0</subfield>
    <subfield code="7">0</subfield>
    <subfield code="a">80.1</subfield>
    <subfield code="b">80.1</subfield>
    <subfield code="d">2024-02-09</subfield>
    <subfield code="l">0</subfield>
    <subfield code="o">TOR</subfield>
    <subfield code="p">A29841</subfield>
    <subfield code="r">2024-02-09 21:19:57</subfield>
    <subfield code="w">2024-02-09</subfield>
    <subfield code="y">BK</subfield>
  </datafield>
  <datafield tag="999" ind1=" " ind2=" ">
    <subfield code="c">123757</subfield>
    <subfield code="d">123757</subfield>
  </datafield>
</record>
